000 00243nam a22000857a 4500
999 _c11182
_d11182
008 181008b ||||| |||| 00| 0 eng d
100 _aGoverment of India
_96941
245 _aEconomic Survey 2015 - 2016
260 _aNew Delhi
_bMinistry Finance
_c2016